000 00776cam a2200265 4500
008 090401t1996 xxu||||| |||| 00| 0 eng d
020 _a1853556556
035 _a(Sirsi) u19373
041 _aeng
050 _a657.95
100 _aAldis, John
245 4 _aThe Companies Acts 1985 and 1989 : accounting and related requirements : a practical commentary.
250 _a2nd ed.
260 _aMilton Keynes
_bAccountancy Books
_c1996
300 _axxxv,364p. ; 30cm.
350 _a40
650 _aCOMPANIES ACT 1985
650 _aCOMPANIES ACT 1989
650 _aCOMPANY ACCOUNTS
690 _aFINANCE AND INVESTMENT
700 _aBogie, Alec
710 _aInstitute of Chartered Accountants in England and Wales
_92450
942 _n0
948 _c04/03/1997
999 _c87671
_d87671